Re/membering selves : (Record no. 16789)
[ view plain ]
| 000 -LEADER | |
|---|---|
| fixed length control field | 01458cam a2200397 a 4500 |
| 001 - CONTROL NUMBER | |
| control field | 16789 |
| 003 - CONTROL NUMBER IDENTIFIER | |
| rucl marc code | BD-RjUL |
| 005 - DATE AND TIME OF LATEST TRANSACTION | |
| control field | 20211209000042.0 |
| 008 - FIXED-LENGTH DATA ELEMENTS--GENERAL INFORMATION | |
| fixed length control field | 140215s1996 ii b 001 0 eng d |
| 020 ## - INTERNATIONAL STANDARD BOOK NUMBER | |
| International Standard Book Number | 8186318267 (jacket) |
| Canceled/invalid ISBN | 8186318 |
| 035 ## - SYSTEM CONTROL NUMBER | |
| System control number | (BD-RjUL)16844 |
| 040 ## - CATALOGING SOURCE | |
| Original cataloging agency | DLC |
| Transcribing agency | DLC |
| Modifying agency | BD-RjU |
| Language of cataloging | eng |
| 041 ## - LANGUAGE CODE | |
| Language code of text/sound track or separate title | eng |
| 082 00 - DEWEY DECIMAL CLASSIFICATION NUMBER | |
| Classification number | 813.54 |
| Edition number | 21 |
| Author mark and year | VER 1996 |
| 100 1# - MAIN ENTRY--PERSONAL NAME | |
| Personal name | Vevaina, Coomi S. |
| 9 (RLIN) | 51837 |
| 245 10 - TITLE STATEMENT | |
| Title | Re/membering selves : |
| Remainder of title | alienation and survival in the novels of Margaret Atwood and Margaret Laurence / |
| Statement of responsibility, etc. | Coomi S. Vevaina. |
| 246 3# - VARYING FORM OF TITLE | |
| Title proper/short title | Remembering selves |
| 250 ## - EDITION STATEMENT | |
| Edition statement | 1st ed. |
| 260 ## - PUBLICATION, DISTRIBUTION, ETC. (IMPRINT) | |
| Place of publication, distribution, etc. | New Delhi : |
| Name of publisher, distributor, etc. | Creative Books, |
| Date of publication, distribution, etc. | 1996. |
| 300 ## - PHYSICAL DESCRIPTION | |
| Pagination | xiv, 378 p. ; |
| Size | 22 cm. |
| 504 ## - BIBLIOGRAPHY, ETC. NOTE | |
| Bibliography, etc | Includes bibliographical references (p. [347]-373) and index. |
| 600 10 - SUBJECT ADDED ENTRY--PERSONAL NAME | |
| Personal name | Atwood, Margaret, |
| Dates associated with a name | 1939- |
| General subdivision | Knowledge |
| -- | Psychology. |
| Personal name | Laurence, Margaret |
| General subdivision | Knowledge |
| -- | Psychology. |
| 650 #0 - SUBJECT ADDED ENTRY--TOPICAL TERM | |
| Topical term or geographic name as entry element | Canadian fiction |
| General subdivision | Women authors |
| -- | History and criticism. |
| 9 (RLIN) | 51841 |
| Topical term or geographic name as entry element | Women and literature |
| Geographic subdivision | Canada |
| General subdivision | History |
| Chronological subdivision | 20th century. |
| 9 (RLIN) | 51842 |
| Topical term or geographic name as entry element | Psychological fiction |
| General subdivision | History and criticism. |
| 9 (RLIN) | 51843 |
| Topical term or geographic name as entry element | Alienation (Social psychology) in literature. |
| 9 (RLIN) | 51844 |
| Topical term or geographic name as entry element | Survival in literature. |
| 9 (RLIN) | 51845 |
| Topical term or geographic name as entry element | Self in literature. |
| 9 (RLIN) | 51846 |
| 653 ## - INDEX TERM--UNCONTROLLED | |
| Uncontrolled term | 29 |
| 942 ## - ADDED ENTRY ELEMENTS (KOHA) | |
| Source of classification or shelving scheme | Dewey Decimal Classification |
| Koha item type | Books |
| Lost status | Source of classification or shelving scheme | Damaged status | Not for loan | Collection code | Permanent Location | Current Location | Shelving location | Date acquired | Source of acquisition | Cost, normal purchase price | Total Checkouts | Full call number | Date last seen | Copy number | Koha item type |
|---|---|---|---|---|---|---|---|---|---|---|---|---|---|---|---|
| Dewey Decimal Classification | Non-fiction | Central Library, University of Rajshahi | Central Library, University of Rajshahi | 20/08/1998 | Ankur prakashani | 500.00 | 813.54 VER 1996 | 15/02/2014 | C-3 | Books | |||||
| Dewey Decimal Classification | Fiction | Central Library, University of Rajshahi | Central Library, University of Rajshahi | 20/08/1998 | Ankur prakashani | 500.00 | 813.54 VER 1996 | 27/02/2014 | C-4 | Books | |||||
| Dewey Decimal Classification | Not For Loan | Fiction | Central Library, University of Rajshahi | Central Library, University of Rajshahi | Reading Room | 20/08/1998 | Ankur Prokasoni, Dhaka | 500.00 | 813.54 VER 1996 | 29/01/2017 | C-1 | Books | |||
| Dewey Decimal Classification | Non-fiction | Central Library, University of Rajshahi | Central Library, University of Rajshahi | 20/08/1998 | Ankur prakashani, Dhaka | 500.00 | 813.54 VER 1996 | 19/12/2019 | C-2 | Books |